Nevýdělečné organizace 2008 výklad je zpracován k právnímu stavu ke dni 1.1.2008

Salvato in:
Dettagli Bibliografici
Natura: Libro
Lingua:ceco
Pubblicazione: Praha ASPI 2008
Serie:Meritum
Soggetti:
Tags: Aggiungi Tag
Nessun Tag, puoi essere il primo ad aggiungerne!!

MARC

LEADER 00000nam$a2200000$$$4500
001 0076366
005 20231215114829.9
020 |a 978-80-7357-330-0 
041 0 |a cze 
044 |a CZ 
245 1 0 |a Nevýdělečné organizace 2008  |b výklad je zpracován k právnímu stavu ke dni 1.1.2008 
264 1 |a Praha  |b ASPI  |c 2008 
300 |a 296 s. 
490 1 |a Meritum 
830 0 |a Meritum 
610 2 0 |a organizácie neziskové 
610 2 0 |a združenia občianske 
610 2 0 |a nadácie 
610 2 0 |a strany politické 
610 2 0 |a cirkev 
610 2 0 |a organizácie náboženské 
610 2 0 |a školy vysoké 
610 2 0 |a organizácie verejnoprospešné 
610 2 0 |a dane 
610 2 0 |a účtovníctvo